00679 2200241 4500001002100000005001500021035002000036007000300056008004100059020002200100082001100122084001700133100001900150245008000169250001100249260004100260300003700301650002500338700002000363520003000383990001200413990001200425INLIS00000000000166720180301103803 a0010-0318000010ta180301 g 0 ind  a978-979-592-625-2 a297.12 a297.12 TOH p0 aTOHIR, Bawazir1 aPanduan Praktis Wisata Syariah /cTohir Bawazir; penyunting, Muhammad Yasir acet. 1 aJakarta :bPustaka Al-Kautsar,c2013 axxii, 170 hlm. :bilus. ;c17 cm aISLAM. SUMBER AJARAN0 aMUHAMMAD, Yasir abibliografi: hlm. 169-170 a16510 a a16510 b